[Event "9th HD Bank Cup 2019"]
[Site "Ho Chi Minh City VIE"]
[Date "2019.03.13"]
[Round "9.24"]
[White "Chu, Wei Chao"]
[Black "Laylo, Darwin"]
[Result "1-0"]
[WhiteElo "2373"]
[BlackElo "2430"]
[EventDate "2019.03.07"]

1. d4 Nf6 2. c4 g6 3. Nc3 d5 4. cxd5 Nxd5 5. e4 Nxc3 6. bxc3 Bg7 7. Nf3 O-O
8. Be2 c5 9. O-O b6 10. Bg5 Bb7 11. Qd3 cxd4 12. cxd4 Nc6 13. d5 Nb4 14.
Qd2 Na6 15. Rab1 Nc5 16. Qe3 f6 17. Bh4 e6 18. dxe6 Qe7 19. Nd4 Bxe4 20.
Rbd1 g5 21. Bf3 Bxf3 22. Qxf3 f5 23. Nc6 Qxe6 24. Bxg5 Ne4 25. Nd8 Qxa2 26.
Be7 Re8 27. Bh4 Rf8 28. Rd7 Rc8 29. Be7 Nf6 30. Bxf6 Bxf6 31. Qxf5 Bg7 32.
Rxg7+ 1-0

[Event "9th HD Bank Cup 2019"]
[Site "Ho Chi Minh City VIE"]
[Date "2019.03.13"]
[Round "9.25"]
[White "Fenil, Shah"]
[Black "Bulmaga, Irina"]
[Result "0-1"]
[WhiteElo "2360"]
[BlackElo "2424"]
[EventDate "2019.03.07"]

1. e4 e5 2. Bc4 Nf6 3. d3 Nc6 4. Nf3 Bc5 5. O-O d6 6. c3 a6 7. Bb3 Ba7 8.
Nbd2 h6 9. Re1 g5 10. Nc4 g4 11. Nfd2 h5 12. Nf1 h4 13. d4 g3 14. hxg3 hxg3
15. Nxg3 Ng4 16. Qf3 Rh7 17. Ne3 Qh4 18. Nd5 exd4 19. Nxc7+ Kd8 20. Nxa8
Nce5 21. Qf4 Qh2+ 22. Kf1 d3 23. Qg5+ f6 24. Qg8+ Ke7 25. Qxh7+ Qxh7 26.
Nc7 Nh2+ 27. Kg1 Nef3+ 28. gxf3 Nxf3+ 0-1

[Event "9th HD Bank Cup 2019"]
[Site "Ho Chi Minh City VIE"]
[Date "2019.03.13"]
[Round "9.26"]
[White "Dimakiling, Oliver"]
[Black "Vo, Thi Kim Phung"]
[Result "0-1"]
[WhiteElo "2423"]
[BlackElo "2349"]
[EventDate "2019.03.07"]

1. c4 e6 2. Nf3 d5 3. e3 Nf6 4. Nc3 Be7 5. Be2 c5 6. d3 Nc6 7. O-O d4 8.
exd4 cxd4 9. Nb1 e5 10. Re1 O-O 11. Bf1 h6 12. h3 Bd6 13. Na3 Nd7 14. Nc2
f5 15. Rb1 a5 16. b3 Qf6 17. a3 e4 18. dxe4 fxe4 19. Rxe4 Nc5 20. Rxd4 Nxd4
21. Ncxd4 Bxh3 22. Be3 Bg4 23. Qc2 Bf4 24. b4 axb4 25. axb4 Bxe3 26. fxe3
Ne6 27. c5 Nxd4 28. Nxd4 Qe5 29. Qd2 Rad8 30. Rc1 Qg3 31. b5 Rfe8 32. Rc3
Re5 33. c6 bxc6 34. bxc6 Rh5 35. Qa2+ Kh8 36. Qf7 Qh2+ 37. Kf2 Qd6 38. Ke1
Rf8 39. Qc4 Rh1 40. Nf3 Qg3+ 41. Kd2 Qf2+ 42. Be2 Qxg2 43. Nd4 Qf2 44. c7
Qe1+ 45. Kc2 Qb1+ 46. Kd2 Rd1+ 47. Bxd1 Qxd1# 0-1

[Event "9th HD Bank Cup 2019"]
[Site "Ho Chi Minh City VIE"]
[Date "2019.03.13"]
[Round "9.27"]
[White "Saravana, Krishnan P."]
[Black "Le, Quang Long"]
[Result "0-1"]
[WhiteElo "2352"]
[BlackElo "2412"]
[EventDate "2019.03.07"]

1. e4 c6 2. d4 d5 3. Nc3 dxe4 4. Nxe4 Bf5 5. Nc5 Nd7 6. Bd3 Bxd3 7. Nxd3 e6
8. Qe2 Bd6 9. Nf3 Ne7 10. O-O Ng6 11. Ng5 O-O 12. g3 Be7 13. h4 h6 14. Ne4
Re8 15. Rd1 Nf6 16. Nxf6+ Bxf6 17. Nc5 e5 18. dxe5 Qe7 19. Be3 Nxe5 20. Kg2
b6 21. Ne4 c5 22. c4 Nc6 23. Nxf6+ Qxf6 24. Re1 Qf5 25. Rac1 Rad8 26. Qc2
Qg4 27. f3 Qc8 28. Bf2 Nb4 29. Rxe8+ Rxe8 30. Qd2 Rd8 31. Qe2 Qd7 32. a3
Nd3 33. Rc2 Re8 34. Qd2 Qf5 35. Rc3 Rd8 36. Bg1 g5 37. hxg5 hxg5 38. Qe2
Kg7 39. b4 a5 40. bxa5 bxa5 41. Rb3 Rd6 42. Bh2 a4 43. Rc3 Qd7 44. g4 Rd4
45. Be5+ f6 46. Bg3 Ne5 47. Rc2 Ng6 48. Qe3 Kf7 49. Qe1 Qb7 50. Kf2 Rd3 51.
Qh1 Kg7 52. Re2 Rxa3 53. Bd6 Qc6 54. Bg3 Rd3 55. Rb2 a3 56. Rb5 Qd7 57. Qb1
a2 58. Qa1 Rd2+ 59. Ke1 Rd1+ 0-1

[Event "9th HD Bank Cup 2019"]
[Site "Ho Chi Minh City VIE"]
[Date "2019.03.13"]
[Round "9.29"]
[White "Rahul, Srivatshav P"]
[Black "Gomes, Mary Ann"]
[Result "1/2-1/2"]
[WhiteElo "2400"]
[BlackElo "2312"]
[EventDate "2019.03.07"]

1. Nf3 Nf6 2. c4 e6 3. Nc3 c5 4. g3 b6 5. Bg2 Bb7 6. b3 Nc6 7. O-O Be7 8.
Bb2 O-O 9. d4 Nxd4 10. Nxd4 Bxg2 11. Kxg2 cxd4 12. Qxd4 Qc7 13. Qe3 a6 14.
a4 Rfd8 15. Rfd1 Qc6+ 16. Qf3 Ne8 17. Rd2 Bg5 18. e3 Bf6 19. Rad1 Qxf3+ 20.
Kxf3 d6 21. Ne4 Bxb2 22. Rxb2 Kf8 23. Nc3 Rac8 24. e4 Ke7 25. Ke3 Nf6 26.
Rbd2 Ng4+ 27. Ke2 Ne5 28. f4 Nc6 29. Ke3 Na5 30. Rb1 h5 31. Kd3 g6 32. Kc2
f5 33. Re1 Kf7 34. Kb2 Nb7 35. Red1 Ke7 36. Re1 Kf7 37. Rde2 Nc5 38. Re3
Re8 39. Rd1 Red8 40. h3 Rd7 41. g4 Nxe4 42. Nxe4 fxe4 43. Rxe4 hxg4 44.
hxg4 Rh8 45. Rde1 Rh4 46. Rxe6 Rxg4 47. R6e4 Kf6 48. Rd4 Kf5 49. Re8 Rg2+
50. Ka3 Rf7 51. Rb8 Rf2 52. Rxb6 Rxf4 53. Rdxd6 g5 54. Rd5+ Kg4 55. Rxa6
Rg7 56. c5 Kf3 57. c6 g4 58. Rd7 Rxd7 59. cxd7 Rd4 60. Rf6+ Ke3 61. Rg6 Kf3
62. Rg7 g3 63. a5 g2 64. a6 Rxd7 65. Rxg2 Kxg2 66. b4 Rd1 67. b5 Rb1 68.
Ka4 Kf3 69. Ka5 Ke4 70. a7 Ra1+ 71. Kb6 Kd5 72. Kb7 Kc5 73. a8=Q Rxa8 74.
Kxa8 Kxb5 1/2-1/2

[Event "9th HD Bank Cup 2019"]
[Site "Ho Chi Minh City VIE"]
[Date "2019.03.13"]
[Round "9.30"]
[White "Tokhirjonova, Gulrukhbegim"]
[Black "Pranesh, M"]
[Result "1-0"]
[WhiteElo "2434"]
[BlackElo "2309"]
[EventDate "2019.03.07"]

1. e4 e5 2. Nf3 Nc6 3. Bb5 Nf6 4. d3 Bc5 5. c3 d6 6. d4 exd4 7. cxd4 Bb4+
8. Kf1 d5 9. e5 Nd7 10. Qa4 Be7 11. Bxc6 bxc6 12. Qxc6 O-O 13. Qxd5 c5 14.
Nc3 Qc7 15. Qe4 cxd4 16. Nd5 Qc4+ 17. Kg1 Bd8 18. b3 Qa6 19. Qxd4 Nb6 20.
Nb4 Qb7 21. h3 Be7 22. Kh2 a5 23. Nc2 Bf5 24. Ne3 Be4 25. Nd2 Bc6 26. Nf5
f6 27. Nxe7+ Qxe7 28. Nc4 Nxc4 29. Qxc4+ Kh8 30. Bb2 Rac8 31. exf6 gxf6 32.
Qf4 Qg7 33. f3 Bd7 34. Rac1 Rb8 35. Rhd1 Rb4 36. Rc4 Rb7 37. Rd6 Kg8 38.
Rxf6 Rxf6 39. Bxf6 Qg6 40. Qd6 Be8 41. Rg4 Rd7 42. Qe6+ Kf8 43. Rxg6 hxg6
44. Be5 a4 45. Bd6+ Kg7 46. Qxe8 Rxd6 47. Qe7+ Kh6 48. Qxd6 axb3 49. axb3
Kh5 50. Qf8 g5 51. Qf6 Kh4 52. Qh6# 1-0